Score 0/122 Timer 08:00
7 Plays Today
Song #1 % Correct
A
98.6%
You
98.2%
To
97.9%
To
97.9%
To
97.8%
Sesame
97.4%
Sesame
97.4%
How
97.3%
How
97.3%
A
96.6%
Every
96.4%
Will
96.1%
The
96%
Away
95.9%
To
95.9%
The
95.8%
The
95.7%
The
95.7%
Street
95.7%
On
95.5%
Street
94.9%
Street
94%
Street
94%
You
93.8%
Happy
93.8%
Street
93.7%
To
93.7%
Where
93.7%
Me
93.5%
To
93.5%
To
93.4%
To
93.4%
How
93.3%
To
93.2%
There
93.1%
It's
93%
To
93%
Get
92.8%
You
92.7%
To
92.7%
To
92.7%
Song #1 % Correct
A-OK
92.5%
To
92.4%
Ride
92.4%
You
92.4%
To
92.4%
To
92.3%
Zoe
92.3%
Day
92.1%
Get
91.1%
Is
90.9%
Day
89.3%
Sesame
89.2%
Can
88.8%
How
88.7%
Me
88.3%
Get
88.2%
Get
87.7%
Get
87.7%
Play
87.1%
Me
87%
Get
86.7%
Get
86.6%
Yet
86.4%
Beautiful
86.4%
My
86.3%
Where
85.9%
Air
85.1%
And
84.9%
How
84.6%
Tell
84.6%
How
84%
Tell
83.6%
Sesame
83.5%
Are
83.3%
Is
83.2%
Can
83.2%
Can
82.1%
We
82.1%
We
82.1%
There
81.6%
Clouds
81.4%
Song #1 % Correct
Friendly
81.3%
We
81.2%
Meet
81%
How
80.7%
Tell
80.6%
Sesame
79.1%
Way
78%
Way
76.9%
On
74.4%
Sunny
73%
Sunny
72%
What
71.6%
Where
68.5%
Come
67.9%
Air
67.8%
Sweepin'
65.2%
My
64.7%
Everything's
60%
Clouds
59.4%
Wide
58.5%
Sweet
57.3%
Sweet
53.4%
Away
53.4%
What
53.2%
Sweepin'
48.7%
Hey
47.5%
People
46.8%
People
46.8%
Started
45.5%
Just
45.3%
Elmo
44.9%
That's
44.5%
Neighbors
44.4%
Like
44.3%
Like
44.3%
Happy
43.2%
Magic
42.6%
Carpet
40.9%
Open
37.4%
Door
32.2%

You're not logged in!

Compare scores with friends on all Sporcle quizzes.
OR
Log In

Sporcle TV

Today on Sporcle TV


Watch our educational content, quiz creation guides, and fun videos on Sporcle TV.

Show Comments

Extras

Top Quizzes Today


Score Distribution

Paid Content

Your Account Isn't Verified!

In order to create a playlist on Sporcle, you need to verify the email address you used during registration. Go to your Sporcle Settings to finish the process.

Report this User

Report this user for behavior that violates our Community Guidelines.

Details: